| 000 | 00898cam a2200301 i 4500 | ||
|---|---|---|---|
| 999 |
_c200447551 _d65763 |
||
| 001 | 200447551 | ||
| 003 | TR-AnTOB | ||
| 005 | 20220704104507.0 | ||
| 007 | ta | ||
| 008 | 040609s2003 sz 100 0 eng d | ||
| 035 | _a(TR-AnTOB)200447551 | ||
| 040 |
_aTR-AnTOB _beng _erda _cTR-AnTOB |
||
| 041 | 0 | _aeng | |
| 050 | 4 |
_aHF5548.325.T9 _bS73 2003 |
|
| 090 |
_aHF5548.325.T9 _bS73 2003 |
||
| 245 | 0 | 0 |
_aState of e-business and potential for development in Turkey : _bCountry e-preparedness reports. |
| 264 | 1 |
_aGeneva : _bITC, _c2003. |
|
| 300 |
_a76 pages ; _c30 cm |
||
| 336 |
_atext _btxt _2rdacontent |
||
| 337 |
_aunmediated _bn _2rdamedia |
||
| 338 |
_avolume _bnc _2rdacarrier |
||
| 504 | _aBIB | ||
| 650 | 0 |
_aElectronic commerce _zTurkey _951945 |
|
| 710 | 2 |
_aInternational Trade Centre UNCTAD/WTO _966159 |
|
| 942 |
_2lcc _cBK |
||